|
|
|
|
| LEADER |
00000nam a22000007a 4500 |
| 005 |
20210217234930.0 |
| 007 |
cr|||| |||| |
| 008 |
210217s2005 us |||||s|||| 00||0 eng d |
| 020 |
|
|
|a 978-0-76231-128-6
|
| 035 |
|
|
|a 31982
|
| 040 |
|
|
|a vLex
|
| 090 |
|
|
|c 11178
|d 11178
|
| 100 |
1 |
|
|a Burns, Stacy Lee
|
| 245 |
1 |
0 |
|a Ethnographies of Law and Social Control
|h [Recurso electrn̤ico] /
|c Stacy Lee Burns
|
| 256 |
|
|
|a Servicio en ln̕ea
|
| 260 |
|
|
|a Bingley:
|b Emerald Group Publishing Limited,
|c 2005
|
| 300 |
|
|
|a 1 recurso electrn̤ico
|
| 506 |
1 |
|
|a Disponible solo en los productos indicados
|d vLex Global
|d vLex Global (Academic Edition, excluding Law Schools)
|d vLex Global (U.S. Academic Edition, Law Schools)
|
| 650 |
0 |
4 |
|a Ciencias sociales
|z Estados Unidos
|
| 740 |
0 |
|
|a vLex Libros (Servicio en ln̕ea)
|
| 856 |
4 |
0 |
|u http://vlex.com/source/31982
|z Acceso restringido
|
| 942 |
|
|
|c BOOK
|
| 999 |
0 |
|
|a Social Sciences
|